stati EU fondatori morte improvvisa - Statistics

Statistiche generali
  • Questo quiz è stato fatto 81 volte
  • Il punteggio medio è 6 su 9
Answers on the Grid
Answers color-coded by a green-red scale on the quiz's grid according to % correct below.
italia
san marino
francia
polonia
croazia
lussemburgo
regno unito
romania
norvegia
svezia
germania
belgio
paesi bassi
russia
svizzera
austria
grecia
irlanda
cechia
serbia
bulgaria
 
Statistiche sulle risposte
Risposta % Corretto
italia
94%
francia
92%
germania
92%
belgio
77%
paesi bassi
69%
lussemburgo
67%
regno unito
44%
irlanda
15%
norvegia
8%
Nessun quiz corrispondente trovato
Distribuzione punteggi
Percentuale di utenti per punteggio
Percentile per numero di risposta
I tuoi punteggi nel tempo
Non hai fatto questo quiz